000 00487nam a22001817a 4500
005 20220907125257.0
008 220907b ||||| |||| 00| 0 eng d
040 _aIN-DiNC
_cIN-DiNC
041 _dasm
082 _a891.4513
_bGOS
100 _aGoswami, Gokul
_eauthor
245 _aAkanir sadhu/
_cby Gokul Goswami
250 _a1st ed.
260 _aGuwahati:
_bPublication Board Assam,
_c2012
300 _a160p.
650 _aAssamese short stories for children
942 _2ddc
_cBK
999 _c11363
_d11363